Trobada de Regidors/es d'Esports [Recurs electrònic] : Mataró, 15.04.05 Mataró, 15.04.05
Descripción Física:
1 disc òptic (CD-ROM) ; 12 cm
MARC
| LEADER | 00000nam a2200000Ia 4500 | ||
|---|---|---|---|
| 001 | 22273 | ||
| 008 | 160829s2005 xx 000 0 cat d | ||
| 080 | |a CD-1-160 | ||
| 245 | |a Trobada de Regidors/es d'Esports [Recurs electrònic] : |b Mataró, 15.04.05 | ||
| 260 | |a Barcelona : |b Diputació de Barcelona. Àrea d'Esports, |c 2005 | ||
| 300 | |a 1 disc òptic (CD-ROM) ; |c 12 cm | ||
| 590 | |a Inclou: Programa, resum d'actuacions de 2004, experiències municipals, fotografies i recull de premsa. | ||
| 590 | |a Trobada celebrada el 15 de maig de 2005 a Mataró. | ||
| 650 | 0 | |a Esports |z Barcelona (Província) |v Congressos |9 42031 | |
| 650 | |a Barcelona. Diputació. Àrea d'Esports |x Congressos |9 38253 | ||
| 710 | |a Barcelona (Catalunya : Província). |b Àrea d'Esports |9 53827 | ||
| 901 | |a Arxiu | ||
| 942 | |n 1 | ||
| 952 | |0 0 |1 0 |4 0 |6 CD1160 |7 1 |9 48342 |a Arxiu |b Arxiu |d 2016-12-01 |l 0 |o CD-1-160 |p 22273 |r 2016-12-01 00:00:00 |w 2016-12-01 |y ARXIU | ||
| 999 | |c 52148 |d 52148 | ||